Normal view MARC view

Entry Personal Name

Number of records used in: 1

001 - CONTROL NUMBER

  • control field: 58895

003 - CONTROL NUMBER IDENTIFIER

  • control field: OSt

005 - DATE AND TIME OF LATEST TRANSACTION

  • control field: 20260211144905.0

008 - FIXED-LENGTH DATA ELEMENTS

  • fixed length control field: 260211|| aca||aabn | a|a d

040 ## - CATALOGING SOURCE

  • Original cataloging agency: OSt
  • Transcribing agency: OSt

100 ## - HEADING--PERSONAL NAME

  • Personal name: Chaubey, Santulan Mathur, Kritika and Taneja, Dinesh

670 ## - SOURCE DATA FOUND

  • Source citation: Work cat.: (OSt): Chaubey, Santulan Mathur, Kritika and Taneja, Dinesh , A review of the right to time-bound delivery of public services in India

Powered by Koha